| 000 | 00463cas a22001815 4500 | ||
|---|---|---|---|
| 001 | E152073 | ||
| 008 | 110131c2005 xxkmr p 0 a0eng u | ||
| 035 | _a(Sirsi) u152073 | ||
| 041 | 0 | _aeng | |
| 240 | _aArchitects' Journal Specification | ||
| 245 | 0 | 0 | _aAJ Specification |
| 362 | 0 | _aMay 2005- | |
| 520 | _aMonthly supplement to Architects' Journal. | ||
| 554 | _a12 per year | ||
| 651 | 4 |
_aUnited Kingdom _y |
|
| 690 | _aBUILT ENVIRONMENT | ||
| 942 | _n0 | ||
| 999 |
_c119289 _d119289 |
||